000 00287nam a2200121Ia 4500
008 191201s2019 xx 000 0 und d
100 _aKIYOSAKI, Robert T
245 0 _aRich Dad Poor Dad
260 _aN.Delhi
_bWarner Books
300 _a266
650 _aGeneral Books
942 _2ddc
_cBK
999 _c1544
_d1544